000 01146nam a2200217 i 4500
001 164757
003 ES-MaACL
005 20250723052231.0
008 931025s1774 sp |||| | spa d
100 1 _aSantos, José.
_9132453
245 1 0 _aIndice General alfabético de las cosas notables, que contienen todas las obras del... Fr. Benito Geronimo Feijoó... y también los dos tomos de la Demonstracion Crítico-Apologética, que en defensa del Teatro Crítico escribió el Rmo. P.M.D.Fr. Martín Sarmiento /
_cdispuesto por Don Joseph Santos.
260 _aMadrid :
_bpor Don Antonio de Sancha :
_ba costa de la Real Compañía de impresores y libreros,
_c1774.
300 _a[18], 248 p., [2] en bl. ;
_c4º.
596 _aMarca de ed. en port.
597 _aSign.: A-Z4, Aa-Kk4, Ll².
600 1 7 _aFeijo, Benito Jerónimo,
_d1676-1764.
_tObras-
_xÍndice
_2
_9127031
600 0 4 _aMartín Sarmiento,
_cFray,
_d1695-1772
_9166281
710 2 _aReal Compañía de Impresores y Libreros del Reino.
_9134788
852 _aES-MaACL
_jR-847-61
_z-- Enc. piel no original de la época
_x Olim: G-1530-44
999 _c164757
_d164757